| 000 | 00925cam a2200265 a 4500 | ||
|---|---|---|---|
| 001 | 000020089 | ||
| 005 | 20200929170248.0 | ||
| 008 | 030115s2000 dr r 000 f spa d | ||
| 020 | _a8481301329 | ||
| 040 |
_aDO-SdBNP _bspa _cBNPHU |
||
| 082 |
_a823.7 _bS545fr |
||
| 100 | 1 |
_aShelley, Mary, _d1797-1851 _94159 |
|
| 240 | 1 | 0 |
_aFrankenstein. _lEspañol |
| 245 | 1 | 0 |
_aFrankenstein o el moderno Prometeo / _cMary Shelley ; traducción de Manuel Serrat Crespo. |
| 260 |
_aSanto Domingo : _bEl Siglo, _c2000. |
||
| 300 |
_a239 p. ; _c21 cm. |
||
| 490 | 1 |
_aJoyas del milenio. _v7 |
|
| 534 |
_aTítulo original: Frankenstein _cBarcelona : Bibliotex, 2000. |
||
| 590 | _aInventariado, 2018/BT | ||
| 650 | 4 |
_aNovela de ciencia ficcion inglesa _942671 |
|
| 650 | 4 |
_aLiteratura inglesa _9498 |
|
| 700 | 1 |
_aSerrat Crespo, Manuel, _etr. _95324 |
|
| 830 | 0 |
_aJoyas del milenio; _n7 _942672 |
|
| 910 | _aValidado. Control de calidad. MFF | ||
| 999 |
_c19597 _d19597 |
||